| 000 | 00386nam a2200145Ia 4500 | ||
|---|---|---|---|
| 008 | 230917s9999||||xx |||||||||||||| ||und|| | ||
| 040 |
_e13963 _aMAIN |
||
| 041 | _aEnglish | ||
| 082 | _a547.2 F629S | ||
| 100 | _aFleming, Ian | ||
| 245 | 0 | _aSelected organic synotheses: A guide book for organic chemists | |
| 260 |
_aLondon _bJohn Wiley _c1977 |
||
| 300 | _aviii,227 p. | ||
| 942 | _cBK | ||
| 999 |
_c188531 _d188531 |
||